[Event "GER-ch 85th"]
[Site "Verden/Aller"]
[Date "2014.11.29"]
[Round "9"]
[White "Bastian, Herbert"]
[Black "Meins, Gerlef"]
[Result "1-0"]
[WhiteElo "2317"]
[BlackElo "2443"]
[Annotator "CB"]
[PlyCount "65"]
[EventDate "2014.11.21"]
[EventType "swiss"]
[EventRounds "9"]
[EventCountry "GER"]
[SourceTitle "CBM 163 Extra"]
[Source "ChessBase"]
[SourceDate "2014.12.23"]
[SourceVersion "1"]
[SourceVersionDate "2014.12.23"]
[SourceQuality "1"]

{In der heutigen Freitagssendung auf dem Fritzserver (Start 17.00) blickt TV
ChessBase zurück auf die Deutsche Einzelmeisterschaft 2014 - Sieger GM Daniel
Fridman!} 1. e4 c5 2. Nc3 Nc6 3. g3 g6 4. Bg2 Bg7 5. d3 d6 6. Be3 e5 7. Nd5
Nge7 8. Nxe7 Qxe7 9. Ne2 Nd4 10. c3 Nxe2 11. Qxe2 h5 12. O-O h4 13. Rad1 hxg3
14. hxg3 Bh6 15. Bxh6 Rxh6 16. d4 Be6 17. dxc5 dxc5 18. f4 exf4 19. gxf4 Kf8
20. f5 gxf5 21. exf5 Bxa2 $1 {Der Visionär merkt an dieser Stelle an: Öffnet
die a-Linie... für den schwarzen Turm h6!} 22. Qd2 {Weiß will komplizieren -
nach Damentausch nebst 23.Bxb7 war nicht viel los.} Qh4 23. Rf4 $6 (23. Rf3 $5)
23... Qh2+ 24. Kf1 {Nun geht es Schlag auf Schlag.} Bb3 $1 {Nummer 1: Schwarz
vertreibt den Turm, so dass die weiße Dame ungedeckt ist.} 25. Re1 Bd5 $1 {
Nummer 2: Der Bg2 kann aufgrund der ungedeckten Dame nicht auf d5 schlagen.}
26. Re2 ({Hartnäckiger war} 26. Rg4) (26. Qxd5 $2 {verbietet sich ja wegen}
Qxf4+) 26... Bxg2+ $2 {Der falsche Moment für diesen Tausch.} ({Der
verblüffende Turmschwenk} 26... Ra6 $3 {die weiße Stellung zum Einsturz
gebracht, z.B.} 27. Qc1 (27. Bxd5 Ra1+ 28. Re1 Qxd2 $19) 27... Ra1 $1 28. Qxa1
Bxg2+ $1 {Jetzt richtig.} 29. Rxg2 Qxf4+ 30. Rf2 Qe4 $1 {mit Schwarz gewinnt
leicht: Er hat einen Mehrbauern, der König steht sicher, und seine Dame
dominiert das Brett.} 31. Kg1 Rd8 32. Qf1 Rd3 $19) ({Der andere Turmzug wäre
nicht gut:} 26... Re8 $6 27. Rxe8+ Kxe8 28. Qe3+ $1 {(entfesselt den Bg2), und
jetzt hat Schwarz nur noch den Rettungstrick} Re6 $1 (28... Kf8 $2 29. Bxd5)
29. fxe6 Qxg2+ 30. Ke1 Bxe6) 27. Rxg2 {Jetzt muss sich Schwarz auf einmal sehr
anstrengen, um die Partie zu halten - die Hauptdrohung von Weiß ist Rfg4
nebst Rg8+.} Qh1+ 28. Kf2 Qh5 (28... Re8 29. Rfg4) 29. Qd5 Rc8 ({Mit} 29... Re8
$1 {war noch eine studienartige Verteidigung möglich, immer mit der Idee,
dass der Bauer f5 aufgrund des Damenvisavis auf der fünften Reihe gefesselt
ist:} 30. Qxc5+ (30. Rfg4 Rg6 $1 31. fxg6 $4 Qxd5) 30... Re7 31. Re4 (31. Rfg4
Rg6) (31. Qc8+ Re8) 31... Rhe6 $1) 30. Rfg4 $18 Rhc6 31. Qe4 Qh7 32. Qf4 Re8
33. Rh4 1-0

[Event "USA-ch U20"]
[Site "Saint Louis"]
[Date "2016.07.08"]
[Round "1"]
[White "Li, Ruifeng"]
[Black "Xiong, Jeffery"]
[Result "1/2-1/2"]
[WhiteElo "2535"]
[BlackElo "2641"]
[Annotator "CB"]
[PlyCount "74"]
[EventDate "2016.07.08"]
[EventType "tourn"]
[EventRounds "9"]
[EventCountry "USA"]
[EventCategory "9"]
[SourceTitle "CBM 173 Extra"]
[Source "ChessBase"]
[SourceDate "2016.08.29"]
[SourceVersion "1"]
[SourceVersionDate "2016.08.29"]
[SourceQuality "1"]
[WhiteClock "0:01:22"]
[BlackClock "0:04:30"]

{Game of the day: Even though the encounter between Ruifeng Li and top seed
Jeffery Xiong ended in a draw, the game was a true spectacle. The players
faced off no less then 37 times prior to this game, having drawn only 3 games
previously. Based on this, fireworks were expected and the players did not
disappoint!} 1. e4 c5 2. Nc3 {A bit of a surprise, Li normally opts for the
open sicilian.} d6 3. g3 Nc6 4. Bg2 g6 5. d3 Bg7 6. Be3 Nf6 7. h3 Rb8 8. f4 Nd4
(8... b5 {Is the move Black would like to play, but it fails to} 9. e5 $1) (
8... Bd7 {Is the alternative, but Jeffery preferred to reserve this square for
his Knight.}) 9. Nce2 $1 {A clever move, instead:} (9. Nge2 Nd7 {Is in Black's
favor, as it is hard for White to get rid of the Knight on d4.}) 9... Nd7 10.
c3 Nxe2 11. Nxe2 b5 12. Qd2 Bb7 13. O-O O-O 14. g4 (14. d4 {Looks tempting,
but Black gets pressure against White's centre after} cxd4 15. cxd4 Nb6 16. b3
f5 $1 $13) 14... e6 15. f5 exf5 16. gxf5 Re8 17. Bh6 c4 $1 {A well-timed
response by Black. The e4 pawn now becomes a target.} 18. fxg6 hxg6 19. Bxg7
Kxg7 20. Qf4 Qe7 (20... cxd3 $1 {Would have been a great chance for Black to
take over the initiative, after} 21. Qxf7+ Kh6 {The Black King is surprisingly
safe, as the Knight comes to e5 and Queen to g5.}) 21. d4 Rh8 $6 {Black
understandably doesn't want to compromise his King's position, but this gives
White time to stabilize his centre. Instead:} (21... Bxe4 22. Bxe4 Qxe4 23.
Qxf7+ Kh6 24. Qxd7 Rbd8 $1 25. Qxb5 Qe3+ {Would lead to a perpetual check as
Rf2 Rf8! gets White into trouble.}) 22. Ng3 Rh4 23. Qf2 Rbh8 24. a4 $1 {
Opening up a second front on the Queenside, after} b4 $1 {Muddying the waters,
this is Black's best chance.} (24... a6 25. axb5 axb5 26. Ra7 {Black is in
trouble}) 25. cxb4 Nf6 26. Rae1 Nh7 {Jeffery correctly judged that after} (
26... Bc8 {Hitting the h3 pawn, White strikes in the centre with} 27. e5 $1
dxe5 28. dxe5 Ne8 29. Re3 $1 {Defending against the threat on h3, as} Bxh3 30.
Bxh3 Rxh3 31. Nf5+ gxf5 32. Qg2+ $1 {Wins an exchange.}) 27. e5 d5 28. Qe3 {
Li hesitated and almost played the stronger} (28. e6 $1 fxe6 {This long-term
pawn sacrifice would ensure White's King's safety as the Bishop can no longer
join the attack from c8.} 29. Qe3 Re8 30. Qe5+ {White is in control of the
position}) 28... Bc8 29. Bxd5 Ng5 $1 {Black's King is safe and he is about to
take on h3 and start his attack, but} 30. Rf6 $1 {Keeps White in the game.}
Nxh3+ 31. Kg2 $2 (31. Kf1 $1 {Running towards safety on the Queenside, was the
right move. After} Be6 32. Bxe6 fxe6 33. b5 {The position is double-edged.})
31... Bb7 $1 {Black opens up another avenue towards White's King.} 32. Bf3 (32.
Bxb7 Qxb7+ 33. Kf1 {Was necessary, but Black's initiative continues after} Rg4)
32... Bxf3+ {White's key problem here is that every recapture allows the
Knight access back to g5, opening up the scope of the rooks.} 33. Rxf3 (33.
Kxf3 {Prevents Ng5, but fails to} Qb7+ 34. Ke2 Qg2+ 35. Kd1 Qxb2 $1 {And the
White King is still in great danger.}) 33... Ng5 $1 34. Rf6 Rg4 {Threatening
Rh3} 35. Rf4 Qb7+ $1 36. Kf1 Rh2 $4 {After the game Jeffery explained that he
saw the winning} (36... Rh1+ $1 {After which the White King can not escape
without conceding major material losses.} 37. Ke2 (37. Nxh1 Qg2# {Is checkmate}
) 37... Qg2+ 38. Rf2 Rxe1+ 39. Kxe1 Qxg3 $19 {Black is up a piece with a
winning position.}) 37. Nf5+ $1 {An amazing resource Li found in time trouble,
suddenly White is in time to launch a counter-attack, and the players agreed
to a draw after} gxf5 ({The game could have continued with} 37... gxf5 38. Rxg4
fxg4 39. Qxg5+ Kf8 40. Qd8+ Kg7 41. Qg5+ Kh8 42. Qf6+ {With a perpetual check.}
) 1/2-1/2

[Event "Bundesliga 9798"]
[Site "Germany"]
[Date "1998.04.26"]
[Round "15.1"]
[White "Adams, Michael"]
[Black "Sax, Gyula"]
[Result "1-0"]
[WhiteElo "2680"]
[BlackElo "2570"]
[Annotator "ChessBase"]
[PlyCount "60"]
[EventDate "1997.10.18"]
[EventType "team-tourn"]
[EventRounds "15"]
[EventCountry "GER"]
[SourceTitle "GER-chT"]
[Source "ChessBase"]
[SourceDate "1999.07.01"]
[SourceVersion "1"]
[SourceVersionDate "1999.07.01"]
[SourceQuality "1"]
[WhiteTeam "Solingen"]
[BlackTeam "Duisburg"]
[WhiteTeamCountry "GER"]
[BlackTeamCountry "GER"]

1. e4 c5 2. Nc3 Nc6 3. g3 g6 4. Bg2 Bg7 5. d3 d6 6. Be3 Rb8 7. Qd2 b5 8. Nge2
Nd4 9. O-O b4 10. Nd1 Qc7 11. Nc1 Nf6 12. c3 bxc3 13. bxc3 Nc6 14. Bh6 O-O 15.
Bxg7 Kxg7 16. Ne3 e5 17. f4 Ne7 18. Ne2 Bb7 19. g4 h6 20. h4 exf4 21. Rxf4 Neg8
22. Raf1 Qe7 23. Ng3 Bc8 24. Qf2 Be6 (24... Bd7 25. Bh3 Rb7 26. g5 (26. Qg2 Qe5
) 26... hxg5 27. hxg5 Nh7) 25. g5 hxg5 26. hxg5 Nh7 27. Nef5+ gxf5 28. exf5
Qxg5 29. Be4 Qe7 30. fxe6 fxe6 (30... fxe6 31. Bxh7 Rxf4 32. Qxf4 Kxh7 33. Ne4
Rb6 $18 34. Kf2) 1-0

[Event "Terres Catalanes"]
[Site "Manresa"]
[Date "1996.??.??"]
[Round "6"]
[White "Arencibia Rodriguez, Walter"]
[Black "Cifuentes Parada, Roberto"]
[Result "0-1"]
[WhiteElo "2555"]
[BlackElo "2500"]
[Annotator "Cifuentes Parada,L"]
[PlyCount "64"]
[EventDate "1996.09.??"]
[EventType "tourn"]
[EventRounds "9"]
[EventCountry "ESP"]
[EventCategory "9"]
[SourceTitle "CBM 056"]
[Source "ChessBase"]
[SourceDate "1997.02.01"]
[SourceVersion "1"]
[SourceVersionDate "1997.02.01"]
[SourceQuality "1"]

1. e4 {Horvath,T} c5 2. Ne2 Nc6 3. Nbc3 d6 4. g3 g6 5. Bg2 Bg7 6. O-O e6 7. d3
Nge7 8. Be3 Nd4 9. Qd2 O-O 10. Nc1 $146 Rb8 11. a4 $6 {Horvath: Schwächt nur
unnötig den Punkt b3.} (11. Nd1 $142) (11. Nd1 {Horvath,T} b6 12. c3 Ndc6 13.
Bh6 d5 14. Bxg7 Kxg7 15. Qe2 $13 {Horvath,S-Grabics/Zalakaros/1993}) 11... b6
12. Nd1 (12. Nb5 Ndc6 13. c3 a6 14. Na3 Bb7 $10) 12... Bb7 13. f4 (13. c3 Ndc6
14. Bh6 d5 (14... e5 {Horvath,T} 15. Bxg7 Kxg7 16. f4 f6 $13) 15. Bxg7 Kxg7 16.
Qe2 Qc7 $10) 13... Qd7 14. c3 Ndc6 15. Nf2 f5 16. Ne2 d5 $1 $15 17. Qc2 (17. e5
$4 d4 $19) 17... e5 18. Rad1 (18. exd5 Nxd5 19. Qb3 Na5 20. Qa2 c4 21. Bd2 Nb3
22. Rad1 Nxd2 23. Rxd2 Ne3 $19) (18. fxe5 Nxe5 19. d4 cxd4 20. cxd4 Nc4 21. Bf4
Rbc8 22. e5 Ne3 $19) 18... Kh8 (18... fxe4 $2 19. dxe4 d4 20. fxe5 $1 Bxe5 21.
cxd4 Nxd4 22. Qc4+ $18) 19. fxe5 Nxe5 20. Bf4 (20. d4 Nc4 (20... cxd4 21. Bxd4
fxe4 22. Bxe5 Bxe5 23. Qxe4 Bg7 24. Nf4 Bc6 25. Qe6 Bxa4 26. Qxd7 Bxd7 27. Nxd5
Nxd5 28. Bxd5 $10) 21. Bf4 cxd4 $1 (21... fxe4 22. dxc5 $1 Rxf4 (22... e3 23.
Ne4 Rbc8 24. Nd6 Rxc5 25. Nxc4 Rxc4 26. b3 Rcc8 27. Bxe3 Nf5 28. Bf2 Qe7 29.
Qd3 Rfe8 30. Rfe1 $14) 23. Nxf4 Ne3 24. Qxe4 $1 Nxd1 25. Rxd1 bxc5 26. Qe6 $10)
22. Nxd4 fxe4 23. b3 (23. Bxb8 {Horvath,T} Ne3 $17) 23... Rxf4 24. bxc4 Rff8
25. cxd5 Nxd5 $19) 20... d4 21. c4 Rbe8 22. Bd2 Ng8 $1 {With idea Ng8-f6, xe4
Schwarz hat Raumvorteil, diese Umgruppierung verstärkt den Druck gegen e4.} 23.
Nf4 Nf6 24. h3 $6 (24. Nd5 $5 fxe4 25. dxe4 (25. Nxf6 $2 exd3 $1) 25... Nfg4
26. Nxg4 Qxg4 27. Bf4 Bc8 $1 $15) (24. Rde1 Neg4 $1 25. Nxg4 Nxg4 26. h3 Ne3
27. Bxe3 dxe3 28. Nd5 fxe4 29. dxe4 Be5 30. Kh2 Qg7 31. Rxf8+ (31. b3 $2 Bxd5
$1 32. cxd5 Bxg3+ $1 $19) 31... Rxf8 32. Rxe3 Bxb2 $17) (24. Nd5 $142 {Horvath,
T}) 24... g5 25. Nd5 (25. Ne2 $2 fxe4 26. Nxe4 Nxe4 $19) 25... fxe4 26. Nxf6 {
[#]} (26. dxe4 Nxd5 27. cxd5 (27. exd5 Nf3+ 28. Bxf3 Rxf3 29. Kg2 Ref8 30. Bxg5
Bxd5 $19) 27... Ba6 $1 (27... Nf3+ 28. Bxf3 Rxf3 29. Kg2 Ref8 30. Bf4 $5 $13 (
30. Bxg5 $2 Bxd5 $1 31. exd5 Qxd5 32. Ne4 $8 d3 $1 $19)) 28. Rfe1 Nf3+ 29. Bxf3
Rxf3 30. Kg2 Rxf2+ $1 31. Kxf2 Qxh3 32. Rh1 Rf8+ $19) 26... exd3 $3 27. Nxd3 (
27. Nxd7 dxc2 28. Nxf8 (28. Rc1 Bxg2 29. Kxg2 Nxd7 30. Rxc2 Re2 $19) 28...
cxd1=Q 29. Nxd1 (29. Rxd1 Bxg2 30. Kxg2 Rxf8 31. b3 h6 $19) 29... Bxg2 30. Kxg2
Nxc4 $17) 27... Rxf6 $1 (27... Bxf6 28. Bxg5 $1 Bxg5 29. Rxf8+ Rxf8 30. Nxe5
Be3+ 31. Kh2 Qe6 32. Ng4 Bxg2 33. Kxg2 h5 34. Nxe3 Qxe3 35. Qd2 Qf3+ 36. Kh2
Qf2+ 37. Kh1 $15) 28. Bxg5 Nf3+ 29. Bxf3 Rxf3 30. Kh2 (30. Rxf3 Bxf3 31. Re1
Rxe1+ 32. Nxe1 Bc6 $19) 30... Qf5 31. Bf4 h5 $19 32. Qd2 (32. Rxf3 Bxf3 33. Re1
(33. Rd2 h4 34. g4 Qg6 35. b3 Be4 36. Qd1 Rf8 $19) 33... Rxe1 34. Nxe1 Qxc2+
35. Nxc2 Bd1 36. Ne1 Bxa4 37. Bb8 a6 38. Ba7 Bb3 39. Bxb6 Bxc4 40. Bxc5 d3 $19)
32... Qxd3 $1 (32... Qxd3 33. Qxd3 Rxd3 34. Rxd3 Re2+ 35. Kg1 Rg2+ 36. Kh1
Rxg3+ $19) 0-1

[Event "Bundesliga 0001"]
[Site "Germany"]
[Date "2001.03.11"]
[Round "11.4"]
[White "Baumhus, Reinhard"]
[Black "Borriss, Martin"]
[Result "1/2-1/2"]
[WhiteElo "2341"]
[BlackElo "2439"]
[Annotator "Donev,I"]
[PlyCount "75"]
[EventDate "2000.10.14"]
[EventType "team-tourn"]
[EventRounds "15"]
[EventCountry "GER"]
[SourceTitle "CBM 082"]
[Source "ChessBase"]
[SourceDate "2001.05.17"]
[SourceVersion "1"]
[SourceVersionDate "2001.05.17"]
[SourceQuality "1"]
[WhiteTeam "Gelsenkirchen Koenigsspringer"]
[BlackTeam "Neukoelln"]
[WhiteTeamCountry "GER"]
[BlackTeamCountry "GER"]

1. e4 c5 2. Nc3 Nc6 3. g3 g6 4. Bg2 Bg7 5. d3 d6 6. Nge2 e6 7. O-O Nge7 8. Be3
Nd4 9. Rb1 O-O 10. Qd2 Rb8 11. b4 b6 12. f4 Bb7 13. bxc5 Nxe2+ (13... dxc5 14.
e5 {Baumhus,R -Arsovic, Z Budapest 1991}) 14. Nxe2 bxc5 15. Rb5 ({Weiß könnte
ein Tempo sparen.} 15. Rb3 Bc6 16. Rfb1 Qc7) 15... Bc6 16. Rb3 Qc7 17. Rfb1 Ba4
18. Rxb8 Rxb8 19. Rxb8+ (19. Qc1 Rxb1 20. Qxb1 Qb6 $1 $15) 19... Qxb8 $15 {
Die Stellung hat sich vereinfacht. Trotz der symmetrischen Bauernstruktur
steht der Nachziehende leicht besser, weil seine Figuren besser platziert sind
- die Dame b8 beherrscht die einzige offene Linie und der Bg7 kontrolliert die
große Diagonale h8-a1.} 20. c4 Qb1+ 21. Bf1 Nc6 (21... Bd1 $142 $5 {[%cal
Yd1e2] Der schwarze Plan ist einfach: nach Bxe2, will er Nc6 nebst Bd4 spielen.
So verbleibt der Anziehende mit dem schlechten weißfarbigen Läufer.}) 22. Nc3
Qb4 23. Nxa4 Qxa4 24. e5 $1 {Vermeidet den Tausch der schwarzfarbigen Läufer. 
Sonst bekommt der Nachziehende nach... Bd4 dank der besseren Q+N gegen weiße
Q+B positionellen Vorteil.} dxe5 25. Bxc5 h5 26. Bg2 exf4 27. Qxf4 Qa5 $2 {
Schade! Hier konnte Schwarz größeren Vorteil bekommen:} (27... Ne5 $1 {[%cal
Ye5d3,Ye5c4,Ya4a2]} 28. Qd2 (28. Bd4 Nxd3 29. Qb8+ (29. Qe4 Bxd4+ 30. Qxd4 Qa3
$1 $17 {[%cal Ya3c5]}) 29... Kh7 30. Qxa7 Qxc4 $17) 28... Qd7 {[%cal Yd7d3,
Ye5d3,Ye5c4] Der Anziehende kann den schwachen d3-Bauern nicht retten.} 29. Be4
(29. Qe3 Nxd3 30. Bxa7 Ne5 {[%cal Ye5c4,Yd7d1]} 31. Bf1 Ng4 $1 32. Qc5 Qd2 $19
{Der schwarze Angriff ist entscheidend.}) 29... Nxc4 $17) 28. Bf2 e5 29. Qe4
Nd4 30. Bxd4 exd4 {Jetzt ist der Remisausgang unvermeidlich.} 31. Qe8+ Bf8 32.
Bd5 Qc7 33. c5 Qe7 34. Qxe7 Bxe7 35. c6 Bd6 36. Kg2 Kg7 37. Kf3 f5 38. Bc4
1/2-1/2

[Event "Corus"]
[Site "Wijk aan Zee"]
[Date "2000.01.22"]
[Round "6"]
[White "Short, Nigel D"]
[Black "Kasparov, Garry"]
[Result "1/2-1/2"]
[WhiteElo "2683"]
[BlackElo "2851"]
[Annotator "Donev,I"]
[PlyCount "67"]
[EventDate "2000.01.15"]
[EventType "tourn"]
[EventRounds "13"]
[EventCountry "NED"]
[EventCategory "18"]
[SourceTitle "CBM 075"]
[Source "ChessBase"]
[SourceDate "2000.04.05"]
[SourceVersion "1"]
[SourceVersionDate "2000.04.05"]
[SourceQuality "1"]

1. e4 c5 2. Nc3 d6 3. g3 Nc6 4. Bg2 g6 5. d3 Bg7 6. Be3 Nd4 7. Qd2 Qa5 8. f4 e6
9. Nf3 Ne7 10. O-O Nec6 ({Gegen mich hat in dieser Stellung der IM Landenbergue
} 10... Bd7 {gespielt.} {und nach} 11. a3 ({Ich denke, dass hier Weiß mit
folgender Fortsetzung um die Initiative kämpfen kann:} 11. Qf2 Nxf3+ (11...
Nec6 12. e5 $1) 12. Bxf3 (12. Bxf3 Bxc3 13. bxc3 Qxc3 14. e5 (14. d4 c4 (14...
d5 15. dxc5 $14) (14... b6 $1 15. Rad1 $15) 15. d5 $14)) 12... Nc6 13. e5 $36)
11... Rc8 12. Rae1 $11 {wurde die Partie im Endspiel mit remis beendet. Donev,
I-Landenbergue,C SWZ-chT 1995}) 11. e5 $5 {[%mdl 8] Ein typischer Zug für den
geschlossenen Sizilianer und trotzdem eine Neuerung. Hier zwei Beispiele aus
der Mega 2000:} (11. Ne1 O-O 12. Nd1 Qa6 13. Nf2 b5 14. c3 Nb3 15. axb3 Qxa1
16. e5 Bb7 17. Ne4 Na5 18. Nxd6 Nxb3 19. Qf2 Bxg2 20. Nxg2 Qa6 21. Bxc5 Nxc5
22. Qxc5 Rad8 23. Qe3 Qc6 24. d4 a5 25. Nh4 a4 26. Ra1 b4 27. Nf3 a3 28. bxa3
Qxc3 {0-1 Martin,A-Serper,G/Hastings 1990/CBM 21 ext (28)}) (11. Nh4 f5 12. Qd1
O-O 13. Nb1 Qb6 14. Bc1 c4 15. Kh1 cxd3 16. cxd3 Nb4 17. Rf2 Bd7 18. Be3 Qa6
19. Nc3 Rac8 20. Rd2 Rfe8 21. Rc1 Nb5 22. d4 Nxa2 23. Nxa2 Qxa2 24. Ra1 Qc4 25.
Bf1 Qc6 26. Qb3 fxe4 27. f5 Qd5 28. Qxd5 exd5 29. fxg6 a6 30. gxh7+ Kxh7 31.
Ng2 Rc7 32. Nf4 Rec8 33. Nxd5 Rc1 34. Rxc1 Rxc1 35. Kg2 Bg4 36. Nf4 Bf3+ 37.
Kf2 Rb1 38. Ne6 Bh6 39. Bd3 Rh1 40. h4 Rh2+ 41. Kf1 Rh1+ 42. Kf2 Rh2+ 43. Ke1
Rxd2 44. Bxd2 exd3 {0-1 Fritsche,L-Tischbierek,R/Germany 1993/GER-chT (44)})
11... dxe5 ({Die Annahme des Bauernopfers ist zu riskant:} 11... Nxf3+ 12. Bxf3
dxe5 13. Bxc6+ bxc6 14. fxe5 Bxe5 15. Qf2 {[%cal Yf2f7,Ye3c5] Weiß bekommt
seine Bauern zurück und dazu die bessere Stellung.}) 12. Nxe5 O-O $1 (12...
Nxe5 13. fxe5 Bxe5 14. Qf2 $1 f5 (14... O-O 15. Ne4 f5 16. c3 $1 $16 (16. b4 $5
)) 15. Ne4 $1 Qc7 {[%cal Yf5e4,Yc7f7] deckt das Feld f7.} 16. Nxc5 Qxc5 17. c3
$14) 13. Rae1 f5 $2 {Offensichtlich besteht das Ziel dieses Zuges darin
Kontrolle über den Punkt e4 zu gewinnen. Aber auf der anderen Seite werden der
Bauer e6 und das Feld e5 geschwächt.} ({Der Prüfstein für die weißen Strategie
war:} 13... Nxe5 14. fxe5 Bxe5 15. Bh6 Bg7 16. Bxg7 Kxg7 17. Qf2 f6 (17... f5
18. Re5 Qc7 19. Rfe1 $44) 18. Ne4 e5 $1 {und 19. Nf6 ist nicht gut wegen 19...
Qd8}) 14. Bxc6 Nxc6 15. Nxc6 (15. Nc4 $6 Qa6 16. Bxc5 Rd8 17. Qg2 b5 $1 18. Nd6
(18. Ne5 Nxe5 19. Qxa8 Nc6 {/\Bb7 die weiße Dame ist eingeschlossen.}) 18...
Rxd6 $1 19. Bxd6 Bb7 20. Qf2 Rd8 21. Bc5 Nd4 $1 $17 {[%cal Yb7f3,Yd4f3]}) 15...
bxc6 16. Nd1 Qxa2 (16... Qxd2 17. Bxd2 Rb8 18. b3 $16 {Das kommende Endspiel
wäre (wegen der schlechten Bauernstruktur) für Schwarz, kaum zu halten gewesen.
}) 17. Bxc5 Rd8 18. b3 Rb8 19. Rf2 Qa6 20. Nc3 {/\Na4} Rxb3 $1 21. cxb3 Rxd3
22. Qa2 Rxc3 (22... Bxc3 23. Qxa6 Bxa6 24. Rxe6 Rd1+ 25. Kg2 Bd3 $44 {[%cal
Yd3e4,Ye4g2]}) 23. b4 Ra3 24. Qc2 $1 Rd3 $1 (24... Rc3 $2 25. Qd1 Rd3 26. Rd2
Rd5 27. Rxd5 cxd5 28. Bd4 Bf8 29. Qd2 $14 {/\Qe3-Qe5}) 25. Rd2 $6 (25. Rd1 $1
Rd5 26. Rfd2 $16) 25... Rd5 26. Rxd5 cxd5 27. Bf2 Bb7 $1 28. Qc7 (28. Qc5 d4 $1
29. Bxd4 $2 Qc6 $19) (28. Qe2 $1 Kf7 29. Qxa6 Bxa6 30. Bxa7 Bc3 31. Rb1 Bb5 $44
{/\d4}) 28... d4 $1 {Öffnet den starken Läufer b7 und wie wir später sehen
werden stellt der Nachziehende mit der Hilfe dieses Läufers starke Drohungen
gegen der weiße Monarch auf.} 29. Qd8+ (29. Qd7 Bd5 30. Qe8+ Bf8 31. Bxd4 Qa2
32. Bf2 Qc2 $11) 29... Bf8 30. Qf6 d3 31. Bc5 $1 (31. Qxe6+ $2 Qxe6 32. Rxe6 d2
$19) (31. Bd4 d2 32. Qh8+ Kf7 33. Qf6+ Kg8 34. Qh8+ $11) 31... Bxc5+ 32. bxc5
d2 33. Qd8+ Kg7 34. Qe7+ (34. Qxd2 Qc6 $44 {[%cal Yc6h1]}) 1/2-1/2